| 000 | 01095cam a22003251i 4500 | ||
|---|---|---|---|
| 001 | 21242781 | ||
| 003 | OSt | ||
| 005 | 20230718120532.0 | ||
| 008 | 191016s2019 ke b 001 0 eng | ||
| 010 | _a 2019350039 | ||
| 020 | _a9789966062963 | ||
| 040 |
_aDLC _beng _cDLC _erda |
||
| 042 |
_alcode _apcc |
||
| 043 | _af-ke--- | ||
| 050 | 0 | 0 |
_aJQ2947.A58 _bN96 2019 |
| 082 |
_a321 _bNYO |
||
| 100 | 1 |
_aNyong'o, Peter Anyang', _d1945- _eauthor. |
|
| 245 | 1 | 0 |
_aPresidential or Parliamentary Democracy in Kenya _bChoices to be Made _cP. Anyang' Nyong'o. |
| 264 | 1 |
_aNairobi, Kenya : _bBooktalk Africa, _c2019. |
|
| 300 |
_a203 pages ; _c21 cm |
||
| 336 |
_atext _2rdacontent |
||
| 337 |
_aunmediated _2rdamedia |
||
| 338 |
_avolume _2rdacarrier |
||
| 504 | _aIncludes bibliographical references and index. | ||
| 650 | 0 |
_aRepresentative government and representation _zKenya. |
|
| 651 | 0 |
_aKenya _xPolitics and government. |
|
| 906 |
_a7 _bcbc _corigode _d3 _encip _f20 _gy-gencatlg |
||
| 942 |
_2ddc _cBK |
||
| 999 |
_c2373 _d2373 |
||